Financial and trade integration of selected EU regions: dynamic correlation and wavelet approach
Využitie korelácie na zistenie miery integrácie trhov krajín EÚ. Špecifikácia dlhých, obchodných a stredných frekvencií cez dynamickú koreláciu. Silnejšia finančná integrácia v starých a obchodná v nových členských krajinách EÚ. Vybrané ukazovatele integrácie.
Uložené v:
| Hlavný autor: | |
|---|---|
| Ďalší autori: | |
| Médium: | Kapitola |
| Jazyk: | English |
| Predmet: | |
| Tagy: |
Žiadne tagy, Buďte prvý, kto otaguje tento záznam!
|
MARC
| LEADER | 00000naa a2200000 4500 | ||
|---|---|---|---|
| 001 | 0209460 | ||
| 005 | 20231208074325.7 | ||
| 041 | 0 | |a eng | |
| 044 | |a SK | ||
| 245 | 1 | 0 | |a Financial and trade integration of selected EU regions: dynamic correlation and wavelet approach |c Zuzana Kučerová, Jitka Poměnková |
| 520 | |a Využitie korelácie na zistenie miery integrácie trhov krajín EÚ. Špecifikácia dlhých, obchodných a stredných frekvencií cez dynamickú koreláciu. Silnejšia finančná integrácia v starých a obchodná v nových členských krajinách EÚ. Vybrané ukazovatele integrácie. | ||
| 610 | 2 | 0 | |a integrácia |
| 610 | 2 | 0 | |a obchod zahraničný |
| 610 | 2 | 0 | |a trh finančný medzinárodný |
| 610 | 2 | 0 | |a analýza korelačná |
| 100 | 1 | |a Kučerová, Zuzana | |
| 700 | 1 | |a Poměnková, Jitka | |